Entry Personal Name
Number of records used in: 1
001 - CONTROL NUMBER
003 - CONTROL NUMBER IDENTIFIER
005 - DATE AND TIME OF LATEST TRANSACTION
- control field:
20231205141249.0
008 - FIXED-LENGTH DATA ELEMENTS
- fixed length control field:
970421n| azannaabn |a aaa |||
010 ## - LIBRARY OF CONGRESS CONTROL NUMBER
- LC control number:
n 97041622
035 ## - SYSTEM CONTROL NUMBER
- System control number:
(Uk)003379902
040 ## - CATALOGING SOURCE
- Original cataloging agency:
DLC
- Language of cataloging:
eng
- Description conventions:
rda
- Transcribing agency:
DLC
- Modifying agency:
DLC
- Modifying agency:
Uk
046 ## - SPECIAL CODED DATES
- Birth date:
1962
- Source of date scheme:
edtf
100 1# - HEADING--PERSONAL NAME
- Personal name:
Lieberman, Benjamin,
- Dates associated with a name:
1962-
370 ## - ASSOCIATED PLACE
- Associated country:
United States
- Source of term:
naf
372 ## - FIELD OF ACTIVITY
- Field of activity:
History
- Field of activity:
Genocide
- Source of term:
lcsh
373 ## - ASSOCIATED GROUP
- Associated group:
Fitchburg State University
374 ## - OCCUPATION
- Occupation:
College teachers
- Source of term:
lcsh
375 ## - GENDER
- Gender:
Males
- Source of term:
lcsh
377 ## - ASSOCIATED LANGUAGE
378 ## - FULLER FORM OF PERSONAL NAME
- Fuller form of personal name:
Benjamin David
400 1# - SEE FROM TRACING--PERSONAL NAME
- Control subfield:
nne
- Personal name:
Lieberman, Benjamin David,
- Dates associated with a name:
1962-
400 1# - SEE FROM TRACING--PERSONAL NAME
- Personal name:
Lieberman, Ben,
- Dates associated with a name:
1962-
670 ## - SOURCE DATA FOUND
- Source citation:
From recovery to catastrophe, 1997:
- Information found:
CIP t.p. (Ben Lieberman)
670 ## - SOURCE DATA FOUND
- Source citation:
LC database, Apr. 22, 1997:
- Information found:
(hdg.: Lieberman, Benjamin David, 1962- )
670 ## - SOURCE DATA FOUND
- Source citation:
From recovery to instability [PhD thesis, University of Chicago], 1992:
- Information found:
t.p. (Benjamin David Lieberman)
670 ## - SOURCE DATA FOUND
- Source citation:
Terrible fate, 2006:
- Information found:
t.p. (Benjamin Lieberman)
670 ## - SOURCE DATA FOUND
- Source citation:
The Holocaust and genocides in Europe, 2013:
- Information found:
t.p. (Benjamin Lieberman)
670 ## - SOURCE DATA FOUND
- Source citation:
Climate change in human history, 2018:
- Information found:
t.p. (Benjamin Lieberman) back cover (Professor of History at Fitchburg State University, USA; his publications include "Terrible fate" and "The Holocaust and genocides in Europe")